000 00298nam a2200121Ia 4500
005 20251222141946.0
008 251222s9999||||xx |||||||||||||| ||spa||
020 _a958-600-920-3
082 _aREF.004.35/F83
245 0 _aDiccionario Bilingüe de Computación
264 _bMcGraw-Hill
942 _cLIB
999 _c9531
_d9531